000 00730nam a2200289Ia 4500
005 20260324141418.0
008 008 260324s9999 xx 000 0 eng d
020 _a9780429431944
037 _aEBOOK
040 _aCRL
040 _beng
040 _cCRL
041 _2eng
041 _aeng
084 _qCRL
100 _aMichael J. Oliver
_91208089
245 0 _aWhatever Happened to Monetarism?
245 0 _bEconomic Policy Making and Social Learning in the United Kingdom Since 1979
260 _bTaylor and Francis
260 _c1997
365 _a
365 _b170
856 _uhttp://www.taylorfrancis.com/books/9780429431944
942 _cEBOOK
999 _c1811160
_d1811160